| 000 | 01468nam a2200265Ii 4500 | ||
|---|---|---|---|
| 003 | JO-AjNU | ||
| 005 | 20240623131149.0 | ||
| 008 | 230605s9999||||xx |||||||||||||| ||und|| | ||
| 040 |
_aJO-AjNU _bara _erda _cJO-AjNU |
||
| 041 | _aara | ||
| 050 |
_aHF5679. _bA2228 2006 |
||
| 100 | 1 |
_aعبادي، ديما محمود _964812 _eمعد |
|
| 245 | 0 |
_a التخطيط لمواجهة الكوارث و نظم المعلومات المحاسبية : دراسة ميدانية على الشركات الصناعية الأردنية = Disaster Recovery Planning and Accounting Information Systems : An Empirical Study on jordanian Industrial Companies / _cإعداد ديما محمود عبادي ؛ إشراف منذر طلال المومني. |
|
| 260 | _c2006 | ||
| 300 | _a121 ورقة | ||
| 336 |
_atext _btxt _2rdacontent |
||
| 337 |
_aunmediated _bn _2rdamedia |
||
| 338 |
_avolume _bnc _2rdacarrier |
||
| 500 | _aرسالة جامعية (ماجستير في المحاسبة) -- جامعة اليرموك (إربد، الأردن)، كلية الإقتصاد و العلوم الإدارية، قسم المحاسبة، 2006. | ||
| 501 | _aتحتوي على ملاحق | ||
| 504 | _aتحتوي على مراجع باللغتين العربية والانجليزية | ||
| 650 | 4 | 0 |
_aشركات صناعية-محاسبة-نظم معلومات محاسبية-الاردن. _964814 |
| 700 | 1 |
_aمومني، منذر طلال _964815 _eمشرف |
|
| 942 |
_2lcc _cTHS |
||
| 999 |
_c33060 _d33060 |
||